| 000 | 02114cam a22001814a 4500 | ||
|---|---|---|---|
| 005 | 20250605164148.0 | ||
| 008 | 250528s ||||||||||||||||||||||||d | ||
| 035 | _a19269 | ||
| 040 |
_aGR-AtMCL _bgre _dGR-AtMCL _eAACR2 |
||
| 245 | 1 |
_aΚώδικας Φορέων Παροχής Κοινωνικών Υπηρεσιών. _nΤόμος 1 |
|
| 260 |
_bΕκδόσεις Παπαζήσης, _c1986 |
||
| 300 | _a424 | ||
| 520 | _aΠρόλογος, Κοιωνική Πρόνοια, Υγεία, Επαγγελματικός Προσανατολισμός - Τεχνική και Επαγγελματική Εκπαίδευση, Απασχόληση, Πρόληψη και Αντιμετώπιση Παραβατικής Συμπεριφοράς, Διαμέρισμα Αθηνών, Κοινωνική Πρόνοια, Υγεία, Επαγγελματικός Προσανατολισμός - Τεχνική και Επαγγελματική Εκπαίδευση, Απασχόληση, Πρόληψη και Αντιμετώπιση Παραβατικής Συμπεριφοράς, Διαμέρισμα Πειραιώς, Κοινωνική Πρόνοια, Υγεία, Επαγγελματικός Προσανατολισμός - Τεχνική και Επαγγελματική Εκπαίδευση, Απασχόληση, Διαμέρισμα Ανατολικής Αττικής, Υγεία, Επαγγελματικός Προσανατολισμός - Τεχνική και Επαγγελματική Εκπαίδευση, Απασχόληση, Πρόληψη και Αντιμετώπιση Παραβατικής Συμπεριφοράς, Διαμέρισμα Δυτικής Αττικής, Κοινωνική Πρόνοια, Υγεία, Επαγγελματικός Προσανατολισμός - Τεχνική και Επαγγελματική Εκπαίδευση, Απασχόληση, Πρόληψη και Αντιμετώπιση Παραβατικής Συμπεριφοράς, Παραρτήματα. | ||
| 700 | 1 |
_aΖάρναρη Όλγα _95494 |
|
| 942 | _cBK | ||
| 999 |
_c4533 _d4533 |
||